000
00323nam a2200121 a 4500
003
0
005
20250617135301.0
008
021126s19uu xx 00 eng d
050
_a
PHS '00
_b
C36 #7
100
_a
Chang, Chiao-Fei
245
_a
The Perception of workers of Je-Tien company regarding abortion.
942
_c
PASS
_2
lcc
999
_c
96389
_d
96389